[Event "Catalunya-ch U18/20"]
[Site "Salou"]
[Date "2021.03.31"]
[Round "7"]
[White "Linca Linca, Felix Antonio"]
[Black "Salinas Tomas, Daniel"]
[Result "1-0"]
[WhiteElo "1305"]
[BlackElo "2024"]
[PlyCount "75"]
[EventDate "2021.03.27"]
[EventType "swiss"]
[EventRounds "9"]
[EventCountry "ESP"]
[SourceTitle "CBM 202 Extra"]
[Source "ChessBase"]
[SourceDate "2021.07.31"]
[SourceVersion "1"]
[SourceVersionDate "2021.07.31"]
[SourceQuality "1"]

1. e4 e5 2. Nf3 Nf6 3. d4 Nxe4 4. Nxe5 d5 5. Bd3 Nd7 6. Nxf7 Qh4 7. g3 Qe7 8. Ne5 Nxe5 9. dxe5 Qxe5 10. 0-0 Bc5 11. Bf4 Qe6 12. Bxe4 c6 13. Bg2 0-0 14. Nc3 Qg6 15. Nxd5 Bg4 16. Bf3 Bh3 17. Re1 cxd5 18. Qxd5+ Kh8 19. Qxc5 Rxf4 20. Bg2 Bxg2 21. gxf4 Bd5+ 22. Kf1 Bg2+ 23. Ke2 Qe4+ 24. Kd2 Rd8+ 25. Kc3 Qxf4 26. b3 h6 27. Kb2 a5 28. Qe5 Qb4 29. Rad1 Ra8 30. Rd7 Qg4 31. Qc7 Qg5 32. h4 Qf6+ 33. Qe5 Qg6 34. h5 Qg4 35. Qe7 Kh7 36. Re6 Bh3 37. Rdd6 Qxh5 38. Rxh6+ 1-0